Statistics for Countries With No Letter Past R Alphabetically In Their Name

Click here to take the quiz!

General Stats

  • This quiz has been taken 23 times
  • The average score is 34 of 47

Answer Stats

Answer% Correct
France
100%
Fiji
100%
China
94%
Andorra
94%
Canada
94%
Oman
88%
Finland
88%
Iran
88%
Denmark
88%
Chile
88%
Iceland
82%
India
82%
Ireland
82%
Japan
82%
Mali
82%
Niger
82%
Nigeria
82%
Poland
82%
Iraq
76%
Algeria
76%
Albania
76%
Romania
76%
Greece
71%
Panama
71%
Chad
71%
Jamaica
71%
Lebanon
71%
Morocco
71%
Cambodia
65%
Dominica
65%
Nepal
65%
Angola
59%
Armenia
59%
Benin
59%
Namibia
59%
Macedonia
59%
Monaco
59%
Ghana
59%
Liberia
59%
Jordan
59%
Cameroon
59%
Colombia
59%
Gabon
59%
Mongolia
53%
Georgia
53%
Grenada
53%
Bahrain
47%

Score Distribution

Percentile by Number Answered

Percent of People with Each Score

Your Score History

You have not taken this quiz